Politiques français petites phrases - Statistiques

Statistiques générales
  • Ce quiz a été pris 324 fois
  • Le résultat moyen est 9 sur 12
Statistiques - réponses
citation personnage politique % Correct
Les non-vaccinés, j'ai très envie de les emmerder Emmanuel Macron
97%
Moi Président, ... François Hollande
93%
Mais vous avez tout à fait raison Monsieur le Premier Ministre François Mitterrand
92%
vous en avez marre de ces racailles ? On va vous en débarrasser Nicolas Sarkozy
92%
What do you want? Me to go back to my plane and go back to France? Jacques Chirac
89%
La République, c'est moi ! Jean-Luc Mélenchon
87%
J'ai été mis en cause par le pédophile Cohn-Bendit Jean-Marie le Pen
79%
Vous n'avez pas le monopole du coeur Valéry Giscard-d'Estaing
74%
Vive le Québec libre ! Charles de Gaulle
72%
Il vaut mieux cinq ans avec Jospin que sept ans avec Jacques Chirac. Lionel Jospin
56%
Je vous demande de vous arrêter Edouard Balladur
44%
Je sais que je tiendrai tête à Monsieur Trump, à Monsieur Poutine parce que moi j’ai eu affaire aux ours, aux loups et aux cavernes. Jean Lassalle
37%
Aucun quiz correspondant
Distribution des résultats
% des personnes avec chaque résultat
Percentile par nombre de réponses
Votre historique - résultats
Vous n’avez pas pris ce quiz